000 00653nam a2200241Ia 4500
003 OSt
005 20220918213725.0
006 a|||||r|||| 00| 0
007 ta
008 220917b |||||||| |||| 00| 0 eng d
024 _a133,945
037 _cTextual
040 _aARTS
_cARTS
_beng
041 _2eng
_aeng
082 _aX:871, K6
100 _aCohen Jerome B
_9122777
245 0 _aFinancial manager
_b basic aspects of finanacial administration
260 _c1966
650 _aECONOMICS
700 _a Robbins Sidney M
_9128114
942 _hX:871, K6
_cTEXL
_2CC
999 _c257050
_d257050